000 00718nam a22002297a 4500
005 20080923102150.0
008 080923t xxu||||| |||| 00| 0 eng d
010 _aENG-91031
020 _c100.00
035 _aEN-74564
037 _bDBAD / PUB
040 _adpl
_bEnglish
082 _a881
100 _aSatish
245 _aOasis /
_cby Satish
260 _aAmbajogai
_bParisar Prakashan
_c2008
270 _aAmber, Housing Society
_bAmbajogai
_e431517
300 _a72p.
_c22 cm (pbk)
650 _aEnglish poetry
942 _2ddc
_cEN
_mSAT
_h881
999 _c15583
_d15583